British trade and expansion in Southeast Asia, 1830-1914

This book the author presents a new interpretation of the events leading to the Opium War, which has been a subject of much controversy among hitorians.

Gorde:
Xehetasun bibliografikoak
Egile nagusia: SarDesai, D. R.
Formatua: Liburua
Hizkuntza:Undetermined
Argitaratua: New Delhi Allied 1977
Gaiak:
Etiketak: Etiketa erantsi
Etiketarik gabe, Izan zaitez lehena erregistro honi etiketa jartzen!
Thư viện lưu trữ: Trung tâm Học liệu Trường Đại học Cần Thơ
LEADER 00820nam a2200229Ia 4500
001 CTU_221764
008 210402s9999 xx 000 0 und d
082 |a 382.0941 
082 |b S244 
100 |a SarDesai, D. R. 
245 0 |a British trade and expansion in Southeast Asia, 1830-1914 
245 0 |c D. R. SarDesai 
260 |a New Delhi 
260 |b Allied 
260 |c 1977 
520 |a This book the author presents a new interpretation of the events leading to the Opium War, which has been a subject of much controversy among hitorians. 
650 |a Imperialism,Great Britain,Chủ nghĩa đế quốc,Vương quốc Anh 
650 |x Colonies,Thuộc địa 
650 |z Asia,Châu Á 
904 |i Qhieu 
910 |a Qhieu 
980 |a Trung tâm Học liệu Trường Đại học Cần Thơ